Score 0/7 Timer 03:00
1 Play Today
Question Answer Wrong Answers
This major act of Jewish resistance against German troops begins, the largest single revolt by Jews during World War II.
1943
Warsaw Ghetto Uprising
88.6%
Mizocz Ghetto Uprising
2.4%
Częstochowa Ghetto Uprising
3.3%
Będzin Ghetto Uprising
3.7%
This cartoon family first appears as a series of shorts on ‘The Tracey Ullman Show’.
1987
The Simpsons
86.3%
The Jetsons
4.5%
The Wild Thornberrys
3.5%
The Smurfs
2.6%
The Alfred P. Murrah Federal Building in Oklahoma City is bombed, killing 168. This man is later sentenced to death for his role in carrying out the terrorist attack.
1995
Timothy McVeigh
79%
Charles Manson
2.7%
Ted Kaczynski
11%
Ted Bundy
3.9%
This American law enforcement agent, known for bringing down the gangster Al Capone, is born.
1903
Eliot Ness
74.1%
J. Edgar Hoover
19.5%
Pat Garrett
3.1%
Clint Hill
2.5%
The first military engagements of the American Revolutionary War take place, known as the Battles of ______.
1775
Lexington and Concord
70.6%
Lewis and Clark
2.3%
Boston and Bunker Hill
25.5%
Boyd and Parker
1.5%
This American actor, who starred in the films ‘127 Hours’ and ‘Pineapple Express’, is born.
1978
James Franco
67.7%
Seth Rogen
18%
Danny McBride
4.4%
Tobey Maguire
7.2%
Cardinal Joseph Ratzinger is elected to the papacy and becomes Pope Benedict XVI. In which country was he born?
2005
Germany
64.6%
Argentina
21%
Russia
2.3%
Italy
8.4%
Remove Ads.
Support Sporcle.
Get the best of Sporcle when you Go Orange. This ad-free experience offers more features, more stats, and more fun while also helping to support Sporcle. Thank you for becoming a member.

You're not logged in!

Compare scores with friends on all Sporcle quizzes.
OR
Log In

Show Comments

Extras

Top Quizzes Today


Score Distribution

Your Account Isn't Verified!

In order to create a playlist on Sporcle, you need to verify the email address you used during registration. Go to your Sporcle Settings to finish the process.

Report this User

Report this user for behavior that violates our Community Guidelines.

Details: